000 00678cam a2200241u 4500
001 21724
003 BD-RjUL
005 20211209000724.0
008 140305s1967 enkabf 001 0 eng
035 _a(BD-RjUL)21789
040 _aDLC
_cCarP
_dDLC
_dBD-RjUL
_beng
041 _aeng
082 0 0 _a914.5
_bWAG 1967
100 1 _aWalker, Donald Smith.
_967080
245 1 2 _aA geography of Italy /
_c Donald Smith Walker.
250 _a2nd ed.
260 _aLondon :
_bMethuen,
_c1967.
300 _axi, 296 p. :
_b24 plates, maps, tables ;
_c25 cm.
651 0 _aItaly
_xDescription and travel.
_967081
942 _2ddc
_cBK
999 _c21724
_d21724